00636cam a22002291 4500001001300000003000400013005001700017008004100034010001700075035002000092040003700112041001300149042001200162050002100174100001700195245007800212260003000290300001900320700003400339740001800373999001500391af 48001990 DLC20260227110852.0890405s1945 fr 000 1 fre c aaf 48001990  a(OCoLC)19500131 aCalifornia. Univ. Libr.cCUdDLC1 afrehger apremarc00aPT2613.R334bR431 aGrane, John.13aLe fugitifb(Der Reisende) roman.cTr. de l'allemand par Maurice Rémon. aParis,bA. Michelc[1945] a268 p.c20 cm.1 aRémon, Maurice,d1861-etr.4 aDer Reisende. c4814d4814